00357nam a2200121Ia 4500008004100000024003200041082001800073100002900091245003100120260002500151600002100176650003800197250506s9999 xx 000 0 und d a12B-019-BS & 12B-006-BS a005.39072 ASA aAsad Anwar & Taha Qaiser 0aWorkflow Management System aKarachi:bUIT,c2012 aComputer Science aBachelor of Computer Science (BS)